Indiana Pacers Playoffs Starters - Statistics

General Stats
  • This quiz has been taken 248 times
    112 since last reset
  • The average score is 23 of 72
Answer Stats
Player % Correct
Myles Turner
99%
Paul George
96%
Tyrese Haliburton
96%
Reggie Miller
91%
Brad Miller
89%
Pascal Siakam
88%
Andrew Nembhard
79%
Roy Hibbert
75%
Jermaine O'Neal
74%
Victor Oladipo
73%
Mark Jackson
70%
Stephen Jackson
69%
Danny Granger
68%
Aaron Nesmith
67%
George Hill
65%
Rik Smits
63%
Ron Artest
60%
David West
53%
Lance Stephenson
52%
Dale Davis
46%
Johnny Davis
46%
Jalen Rose
41%
Anthony Johnson
40%
Herb Williams
40%
Michael Williams
40%
Darren Collison
36%
Malcolm Brogdon
31%
T.J. Warren
31%
Jamaal Tinsley
30%
Jeff Teague
30%
Chris Mullin
28%
Thaddeus Young
28%
Monta Ellis
27%
Detlef Schrempf
26%
Bojan Bogdanović
25%
Roger Brown
25%
Chuck Person
22%
George McGinnis
21%
Jeff Foster
21%
Mel Daniels
19%
Billy Knight
16%
Derrick McKey
14%
Freddie Lewis
14%
Justin Holiday
14%
LaSalle Thompson
14%
Vern Fleming
14%
C.J. Miles
12%
Don Buse
11%
Bob Netolicky
7%
Haywoode Workman
7%
Ian Mahinmi
7%
Tyler Hansbrough
7%
Travis Best
6%
James Edwards
5%
Ricky Pierce
5%
Bill Keller
4%
Darnell Hillman
4%
John Long
4%
Steve Stipanovich
4%
Donnie Freeman
2%
Greg Dreiling
2%
Len Elmore
2%
Wesley Matthews
2%
Dave Robisch
1%
George McCloud
1%
George Peeples
1%
Jimmy Rayl
1%
Kevin Joyce
1%
Louis Orr
1%
Mike Flynn
1%
Tom Thacker
1%
Mike Bantom
0%
No matching quizzes found
Score Distribution
Percent of People with Each Score
Percentile by Number Answered
Your Score History
You have not taken this quiz since the last reset